<?xml version="1.0" encoding="UTF-8"?>
<collection xmlns="http://www.loc.gov/MARC21/slim">
<record>
  <controlfield tag="001">118653</controlfield>
  <controlfield tag="005">20231006143311.0</controlfield>
  <datafield tag="024" ind1="7" ind2=" ">
    <subfield code="2">doi</subfield>
    <subfield code="a">10.4013/arq.2022.181.02</subfield>
  </datafield>
  <datafield tag="024" ind1="8" ind2=" ">
    <subfield code="2">sideral</subfield>
    <subfield code="a">129566</subfield>
  </datafield>
  <datafield tag="037" ind1=" " ind2=" ">
    <subfield code="a">ART-2022-129566</subfield>
  </datafield>
  <datafield tag="041" ind1=" " ind2=" ">
    <subfield code="a">spa</subfield>
  </datafield>
  <datafield tag="100" ind1=" " ind2=" ">
    <subfield code="a">Campos-Sanchez, Francisco Sergio</subfield>
  </datafield>
  <datafield tag="245" ind1=" " ind2=" ">
    <subfield code="a">Integración de variables configuracionales en el estudio del ciclismo urbano a escala intermedia</subfield>
  </datafield>
  <datafield tag="260" ind1=" " ind2=" ">
    <subfield code="c">2022</subfield>
  </datafield>
  <datafield tag="506" ind1="0" ind2=" ">
    <subfield code="a">Access copy available to the general public</subfield>
    <subfield code="f">Unrestricted</subfield>
  </datafield>
  <datafield tag="520" ind1="3" ind2=" ">
    <subfield code="a">El ciclismo como modo de transporte urbano es cada vez más importante para alcanzar un desarrollo sostenible. Es común el estudio de características de ruta que influyen en la decisión de pedalear. Sin embargo, no lo es el uso de variables configuracionales, pese a su utilidad. Este trabajo explora un enfoque metodológico más integrado considerando tanto variables clásicas de ruta ciclista, como variables apoyadas en la forma urbana. Para ello (i) se realizó un cuestionario; (ii) se mapearon las rutas según preferencias de los usuarios; (iii) se estudió la asociación entre uso frecuente de bicicleta y variables de ruta. El caso de estudio se centra en la comunidad universitaria de una ciudad intermedia española. Los resultados mostraron la relevancia de variables configuracionales para estimar probabilidades de ciclismo, incluso por delante de otras más comunes. Además, se discutieron políticas de planificación urbana para fomentar este medio de transporte.

Cycling as an urban transport mode is increasingly important to achieve sustainable development. It is common to study route characteristics that influence the decision to cycle. However, the use of configurational metrics is not, despite their usefulness. This work explores a more integrated methodological approach considering both classic cycling route variables and variables supported by urban form. To do this (i) a questionnaire was carried out; (ii) routes were mapped according to user preferences; (iii) the association between frequent bicycle use and route variables was studied. The case study focuses on the university community of a Spanish intermediate city. The results showed the relevance of configurational metrics to estimate cycling probabilities, even ahead of other more common ones. In addition, urban planning policies were discussed to promote this mode of transport.</subfield>
  </datafield>
  <datafield tag="540" ind1=" " ind2=" ">
    <subfield code="9">info:eu-repo/semantics/openAccess</subfield>
    <subfield code="a">by</subfield>
    <subfield code="u">http://creativecommons.org/licenses/by/3.0/es/</subfield>
  </datafield>
  <datafield tag="592" ind1=" " ind2=" ">
    <subfield code="a">0.162</subfield>
    <subfield code="b">2022</subfield>
  </datafield>
  <datafield tag="593" ind1=" " ind2=" ">
    <subfield code="a">Architecture</subfield>
    <subfield code="c">2022</subfield>
    <subfield code="d">Q3</subfield>
  </datafield>
  <datafield tag="594" ind1=" " ind2=" ">
    <subfield code="a">0.5</subfield>
    <subfield code="b">2022</subfield>
  </datafield>
  <datafield tag="655" ind1=" " ind2="4">
    <subfield code="a">info:eu-repo/semantics/article</subfield>
    <subfield code="v">info:eu-repo/semantics/publishedVersion</subfield>
  </datafield>
  <datafield tag="700" ind1=" " ind2=" ">
    <subfield code="a">Ezquerra, Isabel</subfield>
    <subfield code="u">Universidad de Zaragoza</subfield>
    <subfield code="0">(orcid)0000-0002-5719-8375</subfield>
  </datafield>
  <datafield tag="710" ind1="2" ind2=" ">
    <subfield code="1">5015</subfield>
    <subfield code="2">100</subfield>
    <subfield code="a">Universidad de Zaragoza</subfield>
    <subfield code="b">Dpto. Arquitectura</subfield>
    <subfield code="c">Área Composición Arquitectónic</subfield>
  </datafield>
  <datafield tag="773" ind1=" " ind2=" ">
    <subfield code="g">18, 1 (2022), 22-42</subfield>
    <subfield code="p">Arquiteturarevista</subfield>
    <subfield code="t">ARQUITETURA REVISTA</subfield>
    <subfield code="x">1808-5741</subfield>
  </datafield>
  <datafield tag="856" ind1="4" ind2=" ">
    <subfield code="s">1113216</subfield>
    <subfield code="u">http://zaguan.unizar.es/record/118653/files/texto_completo.pdf</subfield>
    <subfield code="y">Versión publicada</subfield>
  </datafield>
  <datafield tag="856" ind1="4" ind2=" ">
    <subfield code="s">1693980</subfield>
    <subfield code="u">http://zaguan.unizar.es/record/118653/files/texto_completo.jpg?subformat=icon</subfield>
    <subfield code="x">icon</subfield>
    <subfield code="y">Versión publicada</subfield>
  </datafield>
  <datafield tag="909" ind1="C" ind2="O">
    <subfield code="o">oai:zaguan.unizar.es:118653</subfield>
    <subfield code="p">articulos</subfield>
    <subfield code="p">driver</subfield>
  </datafield>
  <datafield tag="951" ind1=" " ind2=" ">
    <subfield code="a">2023-10-06-14:12:27</subfield>
  </datafield>
  <datafield tag="980" ind1=" " ind2=" ">
    <subfield code="a">ARTICLE</subfield>
  </datafield>
</record>
</collection>